[Event "PER-ch (Women)"]
[Site "Lima"]
[Date "2016.02.12"]
[Round "5"]
[White "Hilario Huaranca, Aleyla Karen"]
[Black "Oncoy Custodio, Shantal Tania"]
[Result "1-0"]
[WhiteElo "1793"]
[BlackElo "1510"]
[PlyCount "89"]
[EventDate "2016.02.10"]
[EventType "swiss"]
[EventRounds "9"]
[EventCountry "PER"]
[SourceTitle "EXT 2017"]
[Source "ChessBase"]
[SourceDate "2016.10.25"]
[SourceVersion "1"]
[SourceVersionDate "2016.10.25"]
[SourceQuality "1"]

1. d4 d5 2. Nf3 Nc6 3. g3 Bg4 4. Bg2 Nf6 5. 0-0 e6 6. b3 Bd6 7. Bb2 0-0 8. c4 Re8 9. Nc3 Bf8 10. h3 Bxf3 11. Bxf3 Qd7 12. e3 Rab8 13. Rc1 dxc4 14. bxc4 e5 15. d5 Nb4 16. Bg2 e4 17. Qd4 Nd3 18. Nxe4 Nxe4 19. Qxd3 Nc5 20. Qc2 Bd6 21. Bd4 b6 22. Rfd1 Re7 23. e4 Rbe8 24. Re1 f6 25. Re2 f5 26. Bxc5 Bxc5 27. Rce1 Bb4 28. Rb1 Bc5 29. Qd3 fxe4 30. Bxe4 Qxh3 31. Bf5 Qh5 32. Be6+ Kh8 33. Kg2 h6 34. Rh1 Qg5 35. Qf3 a5 36. Re4 Kh7 37. Rg4 Qd2 38. Qf5+ Kh8 39. Rf4 Bd6 40. Rxh6+ gxh6 41. Qf6+ Kh7 42. Bf5+ Kg8 43. Qg6+ Kh8 44. Qxh6+ Kg8 45. Rg4+ 1-0

[Event "PER-ch U14 Girls"]
[Site "Lima"]
[Date "2016.02.06"]
[Round "8.2"]
[White "Puppi Lazo, Stephanie Beatriz"]
[Black "Oncoy Custodio, Shantal Tania"]
[Result "1-0"]
[WhiteElo "1553"]
[BlackElo "1510"]
[PlyCount "23"]
[EventDate "2016.02.02"]
[EventType "swiss"]
[EventRounds "9"]
[EventCountry "PER"]
[SourceTitle "EXT 2024"]
[Source "ChessBase"]
[SourceDate "2023.10.10"]
[SourceVersion "1"]
[SourceVersionDate "2023.10.10"]
[SourceQuality "1"]

1. e4 c5 2. c3 d5 3. exd5 Qxd5 4. d4 Nf6 5. Nf3 Bg4 6. Be2 e6 7. 0-0 Nc6 8. Be3 cxd4 9. cxd4 Be7 10. Nc3 Qd6 11. h3 Bh5 12. Nb5 1-0

[Event "PER-ch (Women)"]
[Site "Lima"]
[Date "2007.03.04"]
[Round "7"]
[White "Castillo Martinez, Paola"]
[Black "Oncoy Custodio, Shantal Tania"]
[Result "0-1"]
[WhiteElo "1571"]
[BlackElo "1662"]
[PlyCount "122"]
[EventDate "2017.03.01"]
[EventType "swiss"]
[EventRounds "9"]
[EventCountry "PER"]
[SourceTitle "EXT 2018"]
[Source "ChessBase"]
[SourceDate "2017.10.13"]
[SourceVersion "1"]
[SourceVersionDate "2017.10.13"]
[SourceQuality "1"]

1. e4 c5 2. Nf3 Nc6 3. Bb5 g6 4. 0-0 Bg7 5. Bxc6 dxc6 6. h3 Nf6 7. d3 0-0 8. Nc3 Qc7 9. Be3 b6 10. Qd2 Nd7 11. Bh6 Ne5 12. Nh4 e6 13. Bxg7 Kxg7 14. f4 Nd7 15. f5 exf5 16. exf5 Qg3 17. Nf3 Nf6 18. Ne2 Qd6 19. Nh4 Rh8 20. Rae1 Bd7 21. Nc3 Rae8 22. Qf2 Qd4 23. fxg6 hxg6 24. Nf3 Qd6 25. Rxe8 Bxe8 26. Re1 Qf4 27. Ne2 Qa4 28. Nc3 Qb4 29. Rb1 Qf4 30. Ne2 Qd6 31. Rf1 Bd7 32. Nh2 Qe5 33. Nc3 Be6 34. a3 b5 35. Re1 Qd4 36. Nf3 Qf4 37. Ne2 Qf5 38. Nc3 b4 39. Na4 Bd5 40. Nd2 Qg5 41. Nf3 Qh5 42. Nh2 Qg5 43. Nf3 Qh5 44. Nh2 Qg5 45. Kf1 Nh5 46. Nf3 Qf5 47. Kg1 Nf4 48. Re5 Qf6 49. Re3 Rxh3 50. Ne1 Rxe3 51. Qxe3 bxa3 52. bxa3 Qg5 53. Kf1 Bxg2+ 54. Nxg2 Qxg2+ 55. Ke1 Nd5 56. Qe5+ f6 57. Qe4 Qxc2 58. Qc4 Qxc4 59. dxc4 Nb6 60. Nxc5 Nxc4 61. a4 f5 0-1

[Event "PER-ch (Women)"]
[Site "Lima"]
[Date "2007.03.03"]
[Round "5"]
[White "Castillo Walde, Mayra Yamile"]
[Black "Oncoy Custodio, Shantal Tania"]
[Result "1-0"]
[WhiteElo "1600"]
[BlackElo "1662"]
[PlyCount "31"]
[EventDate "2017.03.01"]
[EventType "swiss"]
[EventRounds "9"]
[EventCountry "PER"]
[SourceTitle "EXT 2018"]
[Source "ChessBase"]
[SourceDate "2017.10.13"]
[SourceVersion "1"]
[SourceVersionDate "2017.10.13"]
[SourceQuality "1"]

1. e4 c5 2. Nf3 Nc6 3. d4 cxd4 4. Nxd4 g6 5. Be3 Bg7 6. Nc3 Nf6 7. Bc4 Qa5 8. Nb3 Qb4 9. Bd5 Nxe4 10. Bxe4 Bxc3+ 11. bxc3 Qxe4 12. 0-0 0-0 13. Re1 Qc4 14. Bh6 Re8 15. Qf3 d6 16. Qf6 1-0